| 000 | 01334cam a2200373 a 4500 | ||
|---|---|---|---|
| 001 | 41107 | ||
| 005 | 20230410101628.0 | ||
| 008 | 010720s2001 fr a b 000 0bfre | ||
| 010 | _a 2001421945 | ||
| 035 | _a(OCoLC)ocm47896072 | ||
| 040 |
_aDLC _cDLC _dTZT _dCLU _dAUXAM _dSTF |
||
| 020 | _a2845861869 | ||
| 029 | 1 |
_aTZT _bJTL00072416 |
|
| 035 | _a(OCoLC)47896072 | ||
| 043 |
_ae-fr--- _anwht--- |
||
| 050 | 1 | 4 |
_a110 CT 1018 _bG613W 2001 |
| 100 | 1 | _aWilliamson, Jean-Marie. | |
| 245 | 1 | 4 |
_aLes passions de Marie Renault (1775-1855) : _bde Saint-Domingue a Tonnay-Charente / _cJean-Marie Williamson. |
| 260 |
_aParis : _bKarthala ; _aNantes : _bJ.-M. Williamson, _cc2001. |
||
| 300 |
_a174 p. : _bill. ; _c22 cm. |
||
| 490 | 1 | _aEspace caribeen et haitien | |
| 504 | _aIncludes bibliographical references (p. 171-172). | ||
| 600 | 1 | 0 |
_aGoguet, Marie, _d1777-1855. |
| 651 | 0 |
_aFrance _vBiography. |
|
| 651 | 0 |
_aHaiti _xSocial conditions _y19th century. |
|
| 650 | 4 | _aCEH | |
| 650 | 4 | _aColeccion Estudios Haitianos | |
| 653 |
_aSanto Domingo _aHaiti _aFrance _aBiography _a18th-19th Century |
||
| 830 | 0 | _aEspace caribeen et haitien. | |
| 938 |
_aJean Touzot Libraire Editeur _bTOUZ _nJTL00072416 _c18,29 EURO |
||
| 938 |
_aAux Amateurs de Livres _bAUXA _nAAL0162651-0001 _c18,30 EUR |
||
| 942 |
_2lcc _cbk |
||
| 994 |
_aC0 _bDRFGD |
||
| 999 |
_c11226 _d11226 |
||